00355nam a2200157Ia 4500008004100000041000800041100001300049245003200062260002500094300000800119365001300127500000900140520001900149650001000168999001900178230605s2005 xx 000 0 und d aeng aTodiwala aInternational Cuisine India bHodder Arnold c2005 a279 b1075h17 a1842 aReference Copy aF. P. c418719d418719